000 00323nam a2200133Ia 4500
008 211109s9999||||xx |||||||||||||| ||und||
082 _a541.05
_bMAH-V
100 _aMahabir Singh,
245 0 _aVolume title
260 _bIIT-JEE
_aMumbai
_c2003
630 _xReference Reading Room
650 _vGeneralia
942 _cBOOK
999 _c56248
_d56248